| 000 | 00962nam a22002417a 4500 | ||
|---|---|---|---|
| 999 |
_c12692 _d12692 |
||
| 003 | AR-CdUCM | ||
| 008 | 190409b ||||| |||| 00| 0 spa d | ||
| 020 | _a978-61246504-0-6 | ||
| 040 |
_aMUNICIPALIDAD PROVINCIAL DEL CUSCO _cBIBLIOTECA MUNICIPAL DEL CUSCO |
||
| 082 |
_aC / 338.47 / _bAN636 |
||
| 245 |
_aAntropología del turismo : _bLa industria sin chimeneas / |
||
| 260 |
_aCusco : _bGráficas Meta Color, _c2013. |
||
| 300 |
_a175 páginas ; _c20 cm. |
||
| 505 | _aContenido: Antropología y turismo -- Como vemos a los turistas -- El turismo como una forma de imperialismo -- Impactos negativos del turismo -- Los mitos del turismo ... | ||
| 650 |
_aTurismo _94560 |
||
| 650 |
_aAspectos sociales _9262 |
||
| 650 |
_aAspectos económicos _9261 |
||
| 650 |
_aDesarrollo turístico _99603 |
||
| 650 |
_aPerú _935 |
||
| 700 |
_aTorres Lezama, Vicente y Araujo Bocangel, Edward (compilador) _930687 |
||
| 942 |
_2ddc _cLIBROS |
||
| 945 |
_acmm _d2019-04-09 |
||